000
00292nam a22001337a 4500
008
190205b xxu||||| |||| 00| 0 eng d
020
_a
9780324381870
041
_a
eng
080
_2
22th
_a
330.722.6
100
_a
61
101
_a
KF
245
_a
Accounting
_c
Warren,C.S
942
_2
udc
_c
BK
999
_c
53980
_d
53980